Aktuálne problémy zdaňovania podnikateľských subjektov v medzinárodných daňových vzťahoch

Legislatívne nástroje daňovej harmonizácie. Smernice týkajúce sa zdaňovania podnikov, zamerané na posilnenie podnikania a investícií v rámci EÚ. Zavedenia CCCTB (smernica spoločného konsolidovaného daňového základu korporácií) v členských štátoch EÚ. Boj proti vyhýbaniu sa plateniu daní. Iniciatívu...

Ausführliche Beschreibung

Gespeichert in:
Bibliographische Detailangaben
1. Verfasser: Lénártová, Gizela
Format: Buchkapitel
Sprache:Slowakisch
Schlagworte:
Tags: Tag hinzufügen
Keine Tags, Fügen Sie das erste Tag hinzu!

MARC

LEADER 00000nla a2200000 4500
001 0238182
005 20240502073842.6
041 0 |a slo 
044 |a SK 
245 1 0 |a Aktuálne problémy zdaňovania podnikateľských subjektov v medzinárodných daňových vzťahoch  |c Gizela Lénártová 
520 |a Legislatívne nástroje daňovej harmonizácie. Smernice týkajúce sa zdaňovania podnikov, zamerané na posilnenie podnikania a investícií v rámci EÚ. Zavedenia CCCTB (smernica spoločného konsolidovaného daňového základu korporácií) v členských štátoch EÚ. Boj proti vyhýbaniu sa plateniu daní. Iniciatívu OECD (BEPS). EÚ prijala smernicu ATAD - opatrenia na boj proti daňovým únikom. Zákon č.513/1991 Z. z. Zákon č. 595/2003 Z. z. 
610 2 0 |a Európska únia 
610 2 0 |a Európske spoločenstvá 
610 2 0 |a zdaňovanie medzinárodné 
610 2 0 |a únik daňový 
610 2 0 |a správa daňová 
610 2 0 |a spolupráca medzinárodná 
610 2 0 |a OECD 
100 1 |a Lénártová, Gizela